Social change and political participation (Record no. 349701)

000 -LEADER
fixed length control field 00354cam a22001217a 4500
008 - FIXED-LENGTH DATA ELEMENTS--GENERAL INFORMATION
fixed length control field 180718b1989 xxu||||| |||| 00| 0 eng d
082 ## - DEWEY DECIMAL CLASSIFICATION NUMBER
Classification number F5x5421 N163
100 ## - MAIN ENTRY--PERSONAL NAME
Personal name Naqvi, S.Q.A.
245 ## - TITLE STATEMENT
Title Social change and political participation
Statement of responsibility, etc. by S.Q.A. Naqvi
260 ## - PUBLICATION, DISTRIBUTION, ETC.
Place of publication, distribution, etc. Delhi
Name of publisher, distributor, etc. Commonwealth
Date of publication, distribution, etc. 1989
300 ## - PHYSICAL DESCRIPTION
Extent 342p.
650 ## - SUBJECT ADDED ENTRY--TOPICAL TERM
Topical term or geographic name entry element U.P. - Politics and government
Holdings
Withdrawn status Lost status Damaged status Not for loan Permanent Location Current Location Date acquired Full call number Barcode Date last seen Price effective from Koha item type
        Indian Institute of Public Administration Indian Institute of Public Administration 1993-11-01 F5x5421 N163 64292 2018-07-21 2018-07-21 Book

Powered by Koha